Central Library OPAC University of Rajshahi

Contemporary economic thought / (Record no. 46208)

MARC details
000 -LEADER
fixed length control field 00694nam a2200229 a 4500
001 - CONTROL NUMBER
control field 46208
003 - CONTROL NUMBER IDENTIFIER
rucl marc code BD-RjUL
005 - DATE AND TIME OF LATEST TRANSACTION
control field 20211209054124.0
008 - FIXED-LENGTH DATA ELEMENTS--GENERAL INFORMATION
fixed length control field 160801s1928 nyu a 001 0 eng
035 ## - SYSTEM CONTROL NUMBER
System control number (BD-RjUL)46326
040 ## - CATALOGING SOURCE
Original cataloging agency DLC
Transcribing agency DLC
Modifying agency DLC
-- BD-RjUL
Language of cataloging eng
041 ## - LANGUAGE CODE
Language code of text/sound track or separate title eng
082 ## - DEWEY DECIMAL CLASSIFICATION NUMBER
Edition number 23
Classification number 330.9
Author mark and year HOC 1928
100 1# - MAIN ENTRY--PERSONAL NAME
Personal name Homan, Paul T.
Fuller form of name (Paul Thomas),
Dates associated with a name 1893-1969.
9 (RLIN) 141163
245 10 - TITLE STATEMENT
Title Contemporary economic thought /
Statement of responsibility, etc. by Paul T. Homan.
260 ## - PUBLICATION, DISTRIBUTION, ETC. (IMPRINT)
Place of publication, distribution, etc. New York :
Name of publisher, distributor, etc. Harper & Brothers,
Date of publication, distribution, etc. 1928.
300 ## - PHYSICAL DESCRIPTION
Pagination x, 475 p. ;
Size 22 cm.
500 ## - GENERAL NOTE
General note Include index
General note Master preservation microfilm held by: DLC.
650 ## - SUBJECT ADDED ENTRY--TOPICAL TERM
Topical term or geographic name as entry element Economics
Form subdivision History.
9 (RLIN) 135066
942 ## - ADDED ENTRY ELEMENTS (KOHA)
Source of classification or shelving scheme Dewey Decimal Classification
Koha item type Books
Holdings
Lost status Source of classification or shelving scheme Damaged status Not for loan Collection code Permanent Location Current Location Shelving location Date acquired Source of acquisition Cost, normal purchase price Total Checkouts Full call number Date last seen Copy number Koha item type
  Dewey Decimal Classification     Non-fiction Central Library, University of Rajshahi Central Library, University of Rajshahi   26/08/1961 A.I. Qurishi, Korachi 42.00   330.9 HOC 1928 01/08/2016 C-2 Books